Supply Chain Modelling in Organic Farming for Sustainable Profitability
Metódy ekologického poľnohospodárstva. Environmentálne prínosy ekologického poľnohospodárstva. Problémy ekologického poľnohospodárstva. Odhad dopytu po produktoch, trhové ceny a identifikácia zákazníckych segmentov ako významný problém v ekologickom poľnohospodárstve. Udržateľná ziskovosť v ekologic...
Saved in:
| Main Author: | |
|---|---|
| Other Authors: | , , |
| Format: | Book Chapter |
| Language: | English |
| Subjects: | |
| Tags: |
No Tags, Be the first to tag this record!
|
MARC
| LEADER | 00000naa a2200000 4500 | ||
|---|---|---|---|
| 001 | 0295306 | ||
| 005 | 20230707105508.3 | ||
| 041 | 0 | |a eng | |
| 044 | |a CZ | ||
| 245 | 1 | 0 | |a Supply Chain Modelling in Organic Farming for Sustainable Profitability |c R. Chitra, N. L. Balasudarsun, M. Sathish, R. Jagajeevan |
| 520 | |a Metódy ekologického poľnohospodárstva. Environmentálne prínosy ekologického poľnohospodárstva. Problémy ekologického poľnohospodárstva. Odhad dopytu po produktoch, trhové ceny a identifikácia zákazníckych segmentov ako významný problém v ekologickom poľnohospodárstve. Udržateľná ziskovosť v ekologickom poľnohospodárstve a jej závislosť od efektívnosti následného dodávateľského reťazca. | ||
| 610 | 2 | 0 | |a poľnohospodárstvo ekologické |
| 610 | 2 | 0 | |a udržateľnosť |
| 610 | 2 | 0 | |a zisk |
| 610 | 2 | 0 | |a reťazce dodávateľsko-odberateľské |
| 610 | 2 | 0 | |a biopotraviny |
| 610 | 2 | 0 | |a správanie spotrebiteľa |
| 610 | 2 | 0 | |a farmy |
| 610 | 2 | 0 | |a odhady |
| 610 | 2 | 0 | |a dopyt |
| 610 | 2 | 0 | |a zákazníci |
| 100 | 1 | |a Chitra, R. | |
| 700 | 1 | |a Balasudarsun, N. L. | |
| 700 | 1 | |a Sathish, M. | |
| 700 | 1 | |a Jagajeevan, R. | |